蒙牛内幕 (Record no. 27767)
[ view plain ]
| 000 -LEADER | |
|---|---|
| fixed length control field | 00472nam a22001937a 4500 |
| 003 - CONTROL NUMBER IDENTIFIER | |
| control field | MPLRDC |
| 005 - DATE AND TIME OF LATEST TRANSACTION | |
| control field | 20220104125504.0 |
| 008 - FIXED-LENGTH DATA ELEMENTS--GENERAL INFORMATION | |
| fixed length control field | 210129b ||||| |||| 00| 0 eng d |
| 020 ## - INTERNATIONAL STANDARD BOOK NUMBER | |
| International Standard Book Number | 7-301-09175-3 |
| 082 ## - DEWEY DECIMAL CLASSIFICATION NUMBER | |
| Classification number | 487.9 ZZG |
| 100 ## - MAIN ENTRY--PERSONAL NAME | |
| Personal name | 张治过 |
| 245 ## - TITLE STATEMENT | |
| Title | 蒙牛内幕 |
| Statement of responsibility, etc. | |
| 250 ## - EDITION STATEMENT | |
| Edition statement | 三版 |
| 260 ## - PUBLICATION, DISTRIBUTION, ETC. | |
| Place of publication, distribution, etc. | 中国 |
| Name of publisher, distributor, etc. | 北京大学出版社 |
| Date of publication, distribution, etc. | 2006 |
| 300 ## - PHYSICAL DESCRIPTION | |
| Other physical details | 338 |
| 490 ## - SERIES STATEMENT | |
| Series statement | 时代光华培训大系 |
| 650 ## - SUBJECT ADDED ENTRY--TOPICAL TERM | |
| Topical term or geographic name entry element | 其他制造品业 |
| 942 ## - ADDED ENTRY ELEMENTS (KOHA) | |
| Koha item type | Book |
| -- | 487.9 ZZG |
| Withdrawn status | Lost status | Source of classification or shelving scheme | Damaged status | Not for loan | Collection code | Home library | Current library | Shelving location | Date acquired | Cost, normal purchase price | Total Checkouts | Full call number | Barcode | Date last seen | Date last checked out | Price effective from | Koha item type | Public note |
|---|---|---|---|---|---|---|---|---|---|---|---|---|---|---|---|---|---|---|
| Malaysian Public Library, Research and Development Centre | Malaysian Public Library, Research and Development Centre | 10/12/2007 | 49.00 | 487.9 ZZG | 00027838 | 17/03/2021 | 07/05/2015 | 17/03/2021 | Book | mplrdc |
